Μεγάλη γραμματική και ορθογραφία της νεολληνικής γλώσσας : Σε 170 μεθοδικά μαθήματα

Αποθηκεύτηκε σε:
Λεπτομέρειες βιβλιογραφικής εγγραφής
Κύριος συγγραφέας: Κεσόπουλος, Αριστείδης
Μορφή: Βιβλίο
Γλώσσα:Greek
Δημοσίευση: Θεσσαλονίκη : Μαλλιάρης-Παιδεία, 1994.
Θέματα:
Ετικέτες: Προσθήκη ετικέτας
Δεν υπάρχουν, Καταχωρήστε ετικέτα πρώτοι!

MARC

LEADER 00000cam a2200000 i 4500
001 1/31000
008 960724s1994 gr | ||| |||| ||gre||
020 |a 9602391766 
035 |1 ΕΛΗ  |a 1996  |c ΒΙΒΛΙΟΘΗΚΗ  |l 10038714 
040 |a GR-MyUA  |b gre  |e AACR2 
041 0 |a gre 
082 0 |a 489.35 
100 1 |a Κεσόπουλος, Αριστείδης. 
245 1 0 |a Μεγάλη γραμματική και ορθογραφία της νεολληνικής γλώσσας :   |b Σε 170 μεθοδικά μαθήματα /   |c Αριστείδης Κεσόπουλος.  
260 |a Θεσσαλονίκη :   |b Μαλλιάρης-Παιδεία,   |c 1994.  
300 |a 507 σ. ;   |c 25 εκ.  
500 |a Περιέχει: Θεωρία της νεοελληνικής γραμματικής. Ορθογραφικούς κανόνες. 116 κλιτικούς πίνακες ονομάτων και ρημάτων. Αφθονα κλιτικά και ορθογραφικά παραδείγματα. Ασκήσεις γραμματικής, ορθογραφίας, σύνταξης. Βασικούς χρόνους 4000 ρημάτων (ομαλών και ανωμάλων). Στοιχεία νεοελληνικής σύνταξης. Λύσεις των ασκήσεων.  
650 0 0 |a Greek language  |x Grammar. 
650 0 0 |a Greek language  |x Grammar  |x Study and teaching. 
852 |a INST  |b SAMOS  |e 19960724  |h 489.35 ΚΕΣ  |p 005300009523  |q 005300009523  |t BK  |y 0 
909 |a Σ  |b 041644